Школы индийской философии: период формирования, IV в. до н. э.-II в. н. э.

التفاصيل البيبلوغرافية
المؤلف الرئيسي: Шохин В.К. Владимир Кириллович
الملخص:Рез. англ.
Монография является первым в индологии исследованием раннего этапа истории всех школ индийской философии от эпохи первых философов (середина I тыс. до н.э.) до периода классической философии даршан (со II в. н.э.). Будучи логическим продолжением учебника того же автора «Первые философы Индии» (М., 1997), она может быть рекомендована для всех учебных центров, в которых изучается история восточной мысли, в качестве учебного пособия, специально посвященного индийской философии. В исследовательской части книги, которая может использоваться как лекционный материал, рассматриваются философские направления обозначенного периода — эристика локаяты, материализм ранней чарваки, джайнизм, все школы и «подшколы» традиционного буддизма («семейств» махишасаки, стхавиравады, махасангхики), санкхья, йога, вайшешика, ньяя, миманса, веданта, философия грамматистов. Вторая часть книги содержит тексты древних и средневековых индийских учебников философии, переведенные с санскрита автором книги, и предназначена для семинарских занятий. Книга рассчитана на всех, кто интересуется историей философии, философской компаративистикой и религиоведением.
اللغة:الروسية
منشور في: Москва, Вост. лит., 2004
سلاسل:История восточной философии
الموضوعات:
التنسيق: كتاب
KOHA link:https://koha.lib.tpu.ru/cgi-bin/koha/opac-detail.pl?biblionumber=76736

MARC

LEADER 00000nam0a2200000 4500
001 76736
005 20231101212906.0
010 |a 5020183903  |b (в пер.)  |b 1200 экз. 
021 |a RU  |b 04-81552  |9 04-4021 
035 |a (RuTPU)RU\TPU\book\82255 
090 |a 76736 
100 |a 20050504d2004 k y0rusy5002 ca 
101 0 |a rus 
102 |a RU 
105 |a y z 001zy 
200 1 |a Школы индийской философии: период формирования, IV в. до н. э.-II в. н. э.  |f В. К. Шохин 
210 |a Москва  |c Вост. лит.  |d 2004 
215 |a 412, [3] с.  |d 22 см. 
225 1 |a История восточной философии 
300 |a Рез. англ. 
320 |a Указ. имен и названий соч.: с. 403-411. 
320 |a Библиогр.: с. 394-402. 
330 |a Монография является первым в индологии исследованием раннего этапа истории всех школ индийской философии от эпохи первых философов (середина I тыс. до н.э.) до периода классической философии даршан (со II в. н.э.). Будучи логическим продолжением учебника того же автора «Первые философы Индии» (М., 1997), она может быть рекомендована для всех учебных центров, в которых изучается история восточной мысли, в качестве учебного пособия, специально посвященного индийской философии. В исследовательской части книги, которая может использоваться как лекционный материал, рассматриваются философские направления обозначенного периода — эристика локаяты, материализм ранней чарваки, джайнизм, все школы и «подшколы» традиционного буддизма («семейств» махишасаки, стхавиравады, махасангхики), санкхья, йога, вайшешика, ньяя, миманса, веданта, философия грамматистов. Вторая часть книги содержит тексты древних и средневековых индийских учебников философии, переведенные с санскрита автором книги, и предназначена для семинарских занятий. Книга рассчитана на всех, кто интересуется историей философии, философской компаративистикой и религиоведением. 
606 1 |a Индийская философия  |2 stltpush  |3 (RuTPU)RU\TPU\subj\12501  |9 39277 
610 1 |a философия 
610 1 |a Индия 
610 1 |a индийская философия 
610 1 |a философские школы 
610 1 |a 4 век до н.э. 
610 1 |a 2 век 
610 1 |a брахманизм 
610 1 |a буддийская философия 
610 1 |a йога 
610 1 |a веданта 
610 1 |a миманса 
610 1 |a материалисты 
610 1 |a джайны 
610 1 |a санкхьи 
610 1 |a ньяя 
686 |a Ю3(5Ид)3  |v LBC/SL-A  |2 rubbk 
700 1 |a Шохин  |b В.К.  |g Владимир Кириллович  |4 070 
801 0 |a RU  |b RKP  |c 20050211  |g PSBO 
801 1 |a RU  |b 63413507  |c 20050504  |g PSBO 
801 2 |a RU  |b 63413507  |c 20150127  |g PSBO 
942 |c BK